[Event "Andalucia-ch U10"]
[Site "Islantilla"]
[Date "2012.04.13"]
[Round "4"]
[White "Parras Godino, Rocio"]
[Black "Torralbo Alcaide, David"]
[Result "0-1"]
[WhiteElo "1146"]
[BlackElo "1246"]
[PlyCount "60"]
[EventDate "2012.04.13"]
[EventType "swiss"]
[EventRounds "9"]
[EventCountry "ESP"]
[SourceTitle "CBM 148 Extra"]
[Source "ChessBase"]
[SourceDate "2012.06.22"]
[SourceVersion "1"]
[SourceVersionDate "2012.06.22"]
[SourceQuality "1"]

1. e4 e5 2. Bc4 Nf6 3. Nf3 Nxe4 4. Nxe5 Qf6 5. Nf3 d6 6. h3 Be6 7. Bxe6 fxe6 8. 0-0 d5 9. d3 Nc5 10. Bg5 Qf7 11. Nc3 Bd6 12. Qe1 h6 13. Be3 Nc6 14. Qe2 e5 15. b4 Nd7 16. Nb5 a6 17. Nxd6+ cxd6 18. c4 d4 19. Bd2 0-0 20. b5 axb5 21. cxb5 Ne7 22. Qe4 Nc5 23. Qe2 Qf5 24. Bb4 Nxd3 25. Bxd6 Nf4 26. Qd1 Qg6 27. g3 Nxh3+ 28. Kg2 Nf4+ 29. Kg1 Nfd5 30. Nxe5 Qxd6 0-1